Zákon o daniach z príjmov

Úplné znenie zákona o daniach z príjmov č. 366/1999 Z.z. v znení neskorších zákonov a zákona č. 473/2002 Z.z. s komentárom a s príkladmi.

Na minha lista:
Detalhes bibliográficos
Formato: Capítulo de Livro
Idioma:eslovaco
Assuntos:
Tags: Adicionar Tag
Sem tags, seja o primeiro a adicionar uma tag!

MARC

LEADER 00000naa a2200000 4500
001 r048085
005 20231003090049.4
041 0 |a slo 
044 |a SK 
245 1 0 |a Zákon o daniach z príjmov 
520 |a Úplné znenie zákona o daniach z príjmov č. 366/1999 Z.z. v znení neskorších zákonov a zákona č. 473/2002 Z.z. s komentárom a s príkladmi. 
610 2 0 |a dane z príjmov 
610 2 0 |a osoby fyzické 
610 2 0 |a osoby právnické 
610 2 0 |a zákony 
610 2 0 |a Slovensko 
610 2 0 |a komentáre 
610 2 0 |a 1999-2002